'M' Capital Match Quiz Stats

 Plays Quiz Updated Jan 4, 2019

Support Sporcle.
Go Orange.
Score 0/19 Timer 01:00
0 Plays Today
% Correct
Mexico
90.5%
Russia
90.4%
Spain
90.3%
Monaco
88.5%
Philippines
83.2%
Belarus
80.4%
Uruguay
73.2%
Somalia
65%
Nicaragua
62.7%
Oman
58.6%
% Correct
Liberia
53.1%
Maldives
47%
Mozambique
38.5%
Bahrain
35.9%
Eswatini
32.4%
Comoros
32.4%
Lesotho
29.5%
Equatorial Guinea
28.5%
Marshall Islands
24.5%

From the Vault

One-Star Oscar Winners

by emberly13

Movies 6m
You've gotta love anonymous internet know-it-alls.
Remove Ads.
Support Sporcle.
Get the best of Sporcle when you Go Orange. This ad-free experience offers more features, more stats, and more fun while also helping to support Sporcle. Thank you for becoming a member.

Show Comments

Extras

Top Quizzes Today


Score Distribution

Your Account Isn't Verified!

In order to create a playlist on Sporcle, you need to verify the email address you used during registration. Go to your Sporcle Settings to finish the process.

Report this User

Report this user for behavior that violates our Community Guidelines.

Details: